000 00577nam a2200241Ia 4500
003 OSt
005 20220912145746.0
006 a|||||r|||| 00| 0
007 ta
008 220909b |||||||| |||| 00| 0 eng d
024 _a75156
037 _cTextual
040 _aCSL
_beng
_cCSL
041 _aeng
082 _aL55:394, K9 CS
100 _aAnand D
245 0 _aFamily planning through hospitalcare
260 _c1969
300 _ap.
_ccm.
650 _aMedicine
942 _hL55:394, K9 CS
_cTEXL
_2CC
999 _c37699
_d37699